000 00292nam a2200121Ia 4500
008 190216s9999||||xx |||||||||||||| ||und||
100 _aJawadekar
245 0 _aManagement Information Systems
260 _bTata Mcgrawhill Publishers
_c2003
300 _a726
650 _aCommerce
942 _cBK
999 _c6557
_d6557